000 01151nac a22003131i 4500
003 EG-ScBUE
005 20241013111847.0
008 241013t2004 njua f b 001 0 eng d
020 _a013145773X
020 _a9780131457737
040 _aEG-ScBUE
_beng
_erda
_cEG-ScBUE
_dEG-ScBUE
082 0 4 _a515.35
_bEDW
_222
100 1 _aEdwards, C. Henry‏
_q(Charles Henry),‏
_d1937-‏
_eauthor.
245 1 0 _aElementary differential equations /
_cC. Henry Edwards, David E. Penney, The University of Georgia.
250 _aFifth edition.
264 1 _aUpper Saddle River, NJ :
_bPearson Prentice Hall,
_c[2004]
264 4 _cc2004
300 _axi, 613, 6 pages :
_billustrations ;
_c27 cm
336 _2rdacontent
_atext
_btxt
337 _aunmediated
_2rdamedia
_bn
338 _avolume
_bnc
_2rdacarrier
500 _aRev. ed. of: Elementary differential equations with boundary value problems. 4th ed.
504 _aIncludes bibliographical references and index.
650 7 _aDifferential equations.
_2BUEsh
650 7 _aBoundary value problems.
_2BUEsh
655 _vReading book
700 1 _aPenney, David E.,
_eauthor.
942 _cBB
_2ddc
999 _c2026
_d2026